<?xml version="1.0" encoding="UTF-8"?>
<record
    xmlns:xsi="http://www.w3.org/2001/XMLSchema-instance"
    xsi:schemaLocation="http://www.loc.gov/MARC21/slim http://www.loc.gov/standards/marcxml/schema/MARC21slim.xsd"
    xmlns="http://www.loc.gov/MARC21/slim">

  <leader>00479nam a22001577a 4500</leader>
  <controlfield tag="005">20260211143949.0</controlfield>
  <controlfield tag="008">260211b        |||||||| |||| 00| 0 eng d</controlfield>
  <datafield tag="020" ind1=" " ind2=" ">
    <subfield code="a">978-0-5216-4298-9</subfield>
  </datafield>
  <datafield tag="100" ind1=" " ind2=" ">
    <subfield code="a">MACKAY, DAVIDNJ. C.</subfield>
  </datafield>
  <datafield tag="245" ind1=" " ind2=" ">
    <subfield code="a">INFORMATION THEORY, INFERENCE, AND LEARNING ALGORITHMS</subfield>
  </datafield>
  <datafield tag="260" ind1=" " ind2=" ">
    <subfield code="a">CAMBIDGE</subfield>
    <subfield code="b">CAMBRIDGE UNIVERSITY PRESS</subfield>
    <subfield code="c">2003</subfield>
  </datafield>
  <datafield tag="300" ind1=" " ind2=" ">
    <subfield code="a">XII, 628P.</subfield>
  </datafield>
  <datafield tag="500" ind1=" " ind2=" ">
    <subfield code="a">INCLUDES INDEX</subfield>
  </datafield>
  <datafield tag="650" ind1=" " ind2=" ">
    <subfield code="a">1. INFORMATION THEORY 2. MACHINE LEARNING</subfield>
  </datafield>
  <datafield tag="942" ind1=" " ind2=" ">
    <subfield code="2">lcc</subfield>
    <subfield code="c">BK</subfield>
  </datafield>
  <datafield tag="999" ind1=" " ind2=" ">
    <subfield code="c">216573</subfield>
    <subfield code="d">216573</subfield>
  </datafield>
  <datafield tag="952" ind1=" " ind2=" ">
    <subfield code="0">0</subfield>
    <subfield code="1">0</subfield>
    <subfield code="2">lcc</subfield>
    <subfield code="4">0</subfield>
    <subfield code="6">Q0360 M33  02003</subfield>
    <subfield code="7">0</subfield>
    <subfield code="8">SCT</subfield>
    <subfield code="9">375146</subfield>
    <subfield code="a">KSUL</subfield>
    <subfield code="b">KSUL</subfield>
    <subfield code="c">DISPLAY</subfield>
    <subfield code="d">2026-02-11</subfield>
    <subfield code="i">111830</subfield>
    <subfield code="l">0</subfield>
    <subfield code="o">Q 360 .M33 2003</subfield>
    <subfield code="p">51493</subfield>
    <subfield code="r">2026-02-11 14:41:54</subfield>
    <subfield code="t">1</subfield>
    <subfield code="w">2026-02-11</subfield>
    <subfield code="y">BK</subfield>
  </datafield>
  <datafield tag="952" ind1=" " ind2=" ">
    <subfield code="0">0</subfield>
    <subfield code="1">0</subfield>
    <subfield code="2">lcc</subfield>
    <subfield code="4">0</subfield>
    <subfield code="6">Q0360 M33  02003</subfield>
    <subfield code="7">0</subfield>
    <subfield code="8">SCT</subfield>
    <subfield code="9">375147</subfield>
    <subfield code="a">KSUL</subfield>
    <subfield code="b">KSUL</subfield>
    <subfield code="c">DISPLAY</subfield>
    <subfield code="d">2026-02-11</subfield>
    <subfield code="i">111831</subfield>
    <subfield code="l">0</subfield>
    <subfield code="o">Q 360 .M33 2003</subfield>
    <subfield code="p">51509</subfield>
    <subfield code="r">2026-02-11 14:41:00</subfield>
    <subfield code="t">2</subfield>
    <subfield code="w">2026-02-11</subfield>
    <subfield code="y">BK</subfield>
  </datafield>
  <datafield tag="952" ind1=" " ind2=" ">
    <subfield code="0">0</subfield>
    <subfield code="1">0</subfield>
    <subfield code="2">lcc</subfield>
    <subfield code="4">0</subfield>
    <subfield code="6">Q0360 M33  02003</subfield>
    <subfield code="7">0</subfield>
    <subfield code="8">SCT</subfield>
    <subfield code="9">375148</subfield>
    <subfield code="a">KSUL</subfield>
    <subfield code="b">KSUL</subfield>
    <subfield code="c">DISPLAY</subfield>
    <subfield code="d">2026-02-11</subfield>
    <subfield code="i">111832</subfield>
    <subfield code="l">0</subfield>
    <subfield code="o">Q 360 .M33 2003</subfield>
    <subfield code="p">51511</subfield>
    <subfield code="r">2026-02-11 14:41:00</subfield>
    <subfield code="t">3</subfield>
    <subfield code="w">2026-02-11</subfield>
    <subfield code="y">BK</subfield>
  </datafield>
  <datafield tag="952" ind1=" " ind2=" ">
    <subfield code="0">0</subfield>
    <subfield code="1">0</subfield>
    <subfield code="2">lcc</subfield>
    <subfield code="4">0</subfield>
    <subfield code="6">Q0360 M33  02003</subfield>
    <subfield code="7">0</subfield>
    <subfield code="8">SCT</subfield>
    <subfield code="9">375149</subfield>
    <subfield code="a">KSUL</subfield>
    <subfield code="b">KSUL</subfield>
    <subfield code="c">DISPLAY</subfield>
    <subfield code="d">2026-02-11</subfield>
    <subfield code="i">111833</subfield>
    <subfield code="l">0</subfield>
    <subfield code="o">Q 360 .M33 2003</subfield>
    <subfield code="p">51513</subfield>
    <subfield code="r">2026-02-11 14:41:00</subfield>
    <subfield code="t">4</subfield>
    <subfield code="w">2026-02-11</subfield>
    <subfield code="y">BK</subfield>
  </datafield>
  <datafield tag="952" ind1=" " ind2=" ">
    <subfield code="0">0</subfield>
    <subfield code="1">0</subfield>
    <subfield code="2">lcc</subfield>
    <subfield code="4">0</subfield>
    <subfield code="6">Q0360 M33  02003</subfield>
    <subfield code="7">0</subfield>
    <subfield code="8">SCT</subfield>
    <subfield code="9">375150</subfield>
    <subfield code="a">KSUL</subfield>
    <subfield code="b">KSUL</subfield>
    <subfield code="c">DISPLAY</subfield>
    <subfield code="d">2026-02-11</subfield>
    <subfield code="i">111834</subfield>
    <subfield code="l">0</subfield>
    <subfield code="o">Q 360 .M33 2003</subfield>
    <subfield code="p">51519</subfield>
    <subfield code="r">2026-02-11 14:41:00</subfield>
    <subfield code="t">5</subfield>
    <subfield code="w">2026-02-11</subfield>
    <subfield code="y">BK</subfield>
  </datafield>
</record>
